[Event "GRE-chT 50th"]
[Site "Nikaia"]
[Date "2023.08.29"]
[Round "6.7"]
[White "Theodoridou, Maria"]
[Black "Gkoutzouki, Aikaterini Argyro"]
[Result "0-1"]
[WhiteElo "1279"]
[BlackElo "1733"]
[PlyCount "90"]
[EventDate "2023.08.25"]
[EventType "team"]
[EventRounds "9"]
[EventCountry "GRE"]
[SourceTitle "EXT 2024"]
[Source "ChessBase"]
[SourceDate "2023.10.10"]
[SourceVersion "1"]
[SourceVersionDate "2023.10.10"]
[SourceQuality "1"]
[WhiteTeam "Pneemathlon"]
[BlackTeam "Evoiki ES"]
[WhiteTeamCountry "GRE"]
[BlackTeamCountry "GRE"]

1. d4 d5 2. c4 e6 3. Nc3 Be7 4. cxd5 exd5 5. Bf4 c6 6. e3 Bf5 7. Bd3 Bxd3 8. Qxd3 Nf6 9. Nf3 Nbd7 10. 0-0 0-0 11. a3 a5 12. Ne2 a4 13. Ng3 g6 14. Ne5 Nxe5 15. Bxe5 Nd7 16. Ne2 Nb6 17. Bg3 Nc4 18. Qc2 h5 19. h3 Bf6 20. Nc3 b5 21. Rae1 Re8 22. Qc1 Ra7 23. f4 Rae7 24. Rf3 Qd7 25. Bf2 Qf5 26. Nb1 c5 27. Rd1 b4 28. Nd2 Nxd2 29. Qxd2 cxd4 30. exd4 bxa3 31. bxa3 Re2 32. Qa5 Qc2 33. Ra1 Bxd4 34. Rf1 Rxf2 35. R3xf2 Re2 36. Qd8+ Kg7 37. Qxd5 Bxf2+ 38. Rxf2 Rxf2 39. Qd4+ Kh7 40. Qxf2 Qc1+ 41. Kh2 Qxa3 42. g4 hxg4 43. hxg4 Qb4 44. g5 a3 45. f5 Qb2 0-1

[Event "GRE-chT 50th"]
[Site "Nikaia"]
[Date "2023.08.26"]
[Round "2.7"]
[White "Gkoutzouki, Aikaterini Argyro"]
[Black "Christodoulou, Georgia"]
[Result "1-0"]
[WhiteElo "1733"]
[BlackElo "1505"]
[PlyCount "97"]
[EventDate "2023.08.25"]
[EventType "team"]
[EventRounds "9"]
[EventCountry "GRE"]
[SourceTitle "EXT 2024"]
[Source "ChessBase"]
[SourceDate "2023.10.10"]
[SourceVersion "1"]
[SourceVersionDate "2023.10.10"]
[SourceQuality "1"]
[WhiteTeam "Evoiki ES"]
[BlackTeam "Patron"]
[WhiteTeamCountry "GRE"]
[BlackTeamCountry "GRE"]

1. d4 d5 2. c4 e6 3. Nf3 Nf6 4. Nc3 Be7 5. Bg5 0-0 6. e3 b6 7. Rc1 Bb7 8. Bxf6 Bxf6 9. cxd5 exd5 10. b4 Be7 11. Qb3 c6 12. Bd3 Qd6 13. Rb1 Nd7 14. 0-0 a5 15. a3 axb4 16. axb4 Ra7 17. e4 dxe4 18. Nxe4 Qd5 19. Qc2 Ba6 20. Bxa6 Rxa6 21. Rfc1 Rc8 22. Nc3 Qc4 23. Qf5 Qe6 24. Qd3 Ra3 25. Re1 Qd6 26. Qc4 Rca8 27. b5 c5 28. Ne4 Qg6 29. Ned2 Bf8 30. Qd5 Qd6 31. Qxd6 Bxd6 32. Nc4 Bf8 33. Nxa3 Rxa3 34. Re8 cxd4 35. Nxd4 Nf6 36. Rb8 Nd5 37. g3 g6 38. Rc1 Kg7 39. Rb7 Bb4 40. Nc6 Bc5 41. Nd8 Be7 42. Nc6 Bc5 43. Rd1 Nc3 44. Rdd7 Nxb5 45. Rxf7+ Kg8 46. Rg7+ Kh8 47. Rxh7+ Kg8 48. Rhg7+ Kf8 49. Ne5 1-0

[Event "GRE-chT U16 14th"]
[Site "Rio Achaia"]
[Date "2022.12.17"]
[Round "4"]
[White "Gkoutzouki, Aikaterini Argyro"]
[Black "Kiousi, Panagiota"]
[Result "1/2-1/2"]
[WhiteElo "1618"]
[BlackElo "1818"]
[PlyCount "98"]
[EventDate "2022.12.15"]
[EventType "team-swiss"]
[EventRounds "6"]
[EventCountry "GRE"]
[SourceTitle "EXT 2024"]
[Source "ChessBase"]
[SourceDate "2023.10.10"]
[SourceVersion "1"]
[SourceVersionDate "2023.10.10"]
[SourceQuality "1"]

1. d4 Nf6 2. c4 e6 3. Nf3 h6 4. h3 d5 5. Nc3 c5 6. e3 Nc6 7. a3 cxd4 8. exd4 Be7 9. Be3 0-0 10. Rc1 Qa5 11. Qd2 Rd8 12. cxd5 Nxd5 13. Nxd5 Qxd2+ 14. Kxd2 Rxd5 15. Bc4 Rd8 16. Ke2 Bf6 17. Rhd1 Bd7 18. g4 Na5 19. Bd3 Ba4 20. Bc2 Nb3 21. Bxb3 Bxb3 22. Rd2 Rac8 23. Rxc8 Rxc8 24. Ne5 Rc2 25. Rxc2 Bxc2 26. Nd7 Be7 27. Nc5 b6 28. Nd3 g5 29. f3 Ba4 30. Nb4 Bf6 31. Nd3 Bb5 32. Kd2 Kf8 33. Bf2 Ke7 34. Ke3 Kd6 35. Ke4 Bxd3+ 36. Kxd3 Kd5 37. Be3 a6 38. a4 Bg7 39. Bf2 f5 40. Be3 Bf6 41. b3 Be7 42. Bf2 Bd6 43. Be3 Bg3 44. Bd2 Bd6 45. Bc3 Be7 46. Bd2 Bd6 47. Bc3 Bf8 48. Bd2 Bg7 49. Bc3 Bf8 1/2-1/2

[Event "GRE-ch (Women) 44th"]
[Site "Athens"]
[Date "2022.12.07"]
[Round "7"]
[White "Hristodoulaki, Antonia"]
[Black "Gkoutzouki, Aikaterini Argyro"]
[Result "1-0"]
[WhiteElo "2063"]
[BlackElo "1618"]
[PlyCount "101"]
[EventDate "2022.12.03"]
[EventType "tourn"]
[EventRounds "11"]
[EventCountry "GRE"]
[SourceTitle "CBM 211 Extra"]
[Source "ChessBase"]
[SourceDate "2023.01.31"]
[SourceVersion "1"]
[SourceVersionDate "2023.01.31"]
[SourceQuality "1"]

1. e4 c5 2. Nf3 Nc6 3. Bc4 e6 4. 0-0 a6 5. d4 d5 6. exd5 exd5 7. Re1+ Be7 8. Bf1 c4 9. Bg5 Be6 10. Bxe7 Ngxe7 11. c3 0-0 12. Nbd2 b5 13. Qe2 Re8 14. Ng5 Bf5 15. g4 Bg6 16. f4 Bd3 17. Qf3 Bxf1 18. Nxf1 Qd6 19. f5 Rad8 20. Ng3 Nc8 21. Nh5 h6 22. Nh3 Rxe1+ 23. Rxe1 Qf8 24. g5 hxg5 25. Nxg5 Re8 26. Rxe8 Qxe8 27. Qg3 Qe7 28. f6 Qe2 29. Nxg7 Qd1+ 30. Kg2 Qe2+ 31. Kh3 Qf1+ 32. Kh4 Qxf6 33. Nh5 Qd6 34. Qxd6 Nxd6 35. Nf6+ Kg7 36. Nxd5 Kg6 37. Kg4 f6 38. Ne6 Na7 39. Kf4 Nac8 40. Nf8+ Kf7 41. Nd7 f5 42. Ne5+ Kg7 43. h4 Kh6 44. Nc6 Kg7 45. h5 Kh6 46. Nce7 Nxe7 47. Nxe7 Kxh5 48. Nxf5 Nf7 49. Ne7 Ng5 50. d5 Nf7 51. Nf5 1-0

[Event "GRE-ch (Women) 44th"]
[Site "Athens"]
[Date "2022.12.03"]
[Round "1"]
[White "Gkoutzouki, Aikaterini Argyro"]
[Black "Androni, Konstantina"]
[Result "0-1"]
[WhiteElo "1618"]
[BlackElo "1964"]
[PlyCount "84"]
[EventDate "2022.12.03"]
[EventType "tourn"]
[EventRounds "11"]
[EventCountry "GRE"]
[SourceTitle "CBM 211 Extra"]
[Source "ChessBase"]
[SourceDate "2023.01.31"]
[SourceVersion "1"]
[SourceVersionDate "2023.01.31"]
[SourceQuality "1"]

1. d4 d5 2. c4 e6 3. Nf3 c5 4. e3 Nf6 5. a3 a6 6. dxc5 Bxc5 7. b4 Ba7 8. Bb2 0-0 9. Nbd2 Nc6 10. Bd3 Qe7 11. 0-0 Rd8 12. Qb3 Bb8 13. Rfd1 e5 14. cxd5 Nxd5 15. Bc4 Nb6 16. Ne4 Nxc4 17. Qxc4 Bf5 18. Qc5 Ba7 19. Qxe7 Nxe7 20. Nd6 f6 21. Nxb7 Rdc8 22. Rac1 Bg4 23. h3 Bxf3 24. gxf3 Nf5 25. Kf1 Bxe3 26. Rxc8+ Rxc8 27. fxe3 Nxe3+ 28. Ke2 Nxd1 29. Kxd1 Rc4 30. Kd2 Rh4 31. Nc5 Rxh3 32. Nxa6 Rxf3 33. Nc5 Kf7 34. a4 h5 35. a5 h4 36. a6 h3 37. a7 h2 38. a8Q h1Q 39. Qa7+ Kg6 40. Kc2 Qf1 41. Qa2 Qe2+ 42. Kb1 Rf1+ 0-1

[Event "GRE-chT 49th"]
[Site "Thessaloniki"]
[Date "2022.08.14"]
[Round "4.1"]
[White "Gkoutzouki, Aikaterini Argyro"]
[Black "Kalamoukou, Giolanta"]
[Result "0-1"]
[WhiteElo "1642"]
[BlackElo "1365"]
[PlyCount "76"]
[EventDate "2022.08.12"]
[EventType "team-swiss"]
[EventRounds "7"]
[EventCountry "GRE"]
[SourceTitle "CBM 209 Extra"]
[Source "ChessBase"]
[SourceDate "2022.09.30"]
[SourceVersion "1"]
[SourceVersionDate "2022.09.30"]
[SourceQuality "1"]
[WhiteTeam "Evoiki ES"]
[BlackTeam "Kavalas"]
[WhiteTeamCountry "GRE"]
[BlackTeamCountry "GRE"]

1. d4 Nf6 2. c4 e6 3. Nf3 Bb4+ 4. Nbd2 d5 5. Qa4+ Nc6 6. a3 Bd6 7. e3 0-0 8. Bd3 e5 9. cxd5 Nxd5 10. dxe5 Bxe5 11. Qc2 h6 12. Bb5 Nde7 13. 0-0 a6 14. Bd3 Be6 15. Rd1 Qc8 16. Rb1 Ba2 17. Ra1 Be6 18. Nc4 Bf6 19. Bd2 b5 20. Na5 Nxa5 21. Bxa5 c6 22. Rac1 Qb7 23. Nd2 Bd5 24. Ne4 Bxe4 25. Bxe4 Rac8 26. Rd2 Qb8 27. Qb1 Be5 28. g3 Bc7 29. Bb4 Rfd8 30. Rxd8+ Bxd8 31. Bxe7 Bxe7 32. Rxc6 Rxc6 33. Bxc6 Bf6 34. Qc2 Qe5 35. Be4 Qe8 36. b3 Be7 37. b4 Qd7 38. Kg2 Bd6 0-1

[Event "Thessaloniki Triandria op 13th"]
[Site "Thessaloniki"]
[Date "2022.04.29"]
[Round "5"]
[White "Romanos, Theodoros"]
[Black "Gkoutzouki, Aikaterini Argyro"]
[Result "1-0"]
[WhiteElo "2091"]
[BlackElo "1594"]
[PlyCount "127"]
[EventDate "2022.04.26"]
[EventType "swiss"]
[EventRounds "7"]
[EventCountry "GRE"]
[SourceTitle "EXT 2023"]
[Source "ChessBase"]
[SourceDate "2022.10.05"]
[SourceVersion "1"]
[SourceVersionDate "2022.10.05"]
[SourceQuality "1"]

1. d4 d5 2. c4 e6 3. Nc3 Be7 4. g3 c6 5. Bg2 Nf6 6. Nf3 Nbd7 7. 0-0 dxc4 8. a4 a5 9. e4 Nb6 10. Qe2 0-0 11. Rd1 Bb4 12. Ne5 Bd7 13. Be3 Re8 14. Nxc4 Nxc4 15. Qxc4 Rc8 16. Qd3 Qe7 17. Bg5 h6 18. Bxf6 Qxf6 19. e5 Qe7 20. Ne4 Red8 21. b3 Rc7 22. Rac1 Bc8 23. Qe3 Rcd7 24. Bf3 Ba3 25. Rc4 Rc7 26. Qc3 Bb4 27. Qc2 Bd7 28. Qe2 Be8 29. Nc5 Bxc5 30. dxc5 Rxd1+ 31. Qxd1 Rd7 32. Rd4 Rxd4 33. Qxd4 Qc7 34. Qd6 Qxd6 35. exd6 Bd7 36. Bg4 Kf8 37. f4 Ke8 38. Kf2 Kd8 39. Ke3 Kc8 40. Be2 Kd8 41. Kd4 Be8 42. b4 axb4 43. Kc4 Kc8 44. Kxb4 Kb8 45. a5 Bd7 46. a6 bxa6 47. Bxa6 Ka7 48. Be2 Kb7 49. Bh5 g6 50. Be2 Be8 51. Kc3 f6 52. Kb4 Kb8 53. Ka5 Ka7 54. Bd3 Kb7 55. Ba6+ Ka7 56. Bc8 e5 57. fxe5 fxe5 58. d7 Bxd7 59. Bxd7 Kb7 60. Be8 g5 61. Bg6 Kc7 62. Ka6 g4 63. Bf5 h5 64. Ka7 1-0

[Event "GRE-ch U20 Girls"]
[Site "Trikala"]
[Date "2021.08.26"]
[Round "6"]
[White "Alexandri, Vasiliki"]
[Black "Gkoutzouki, Aikaterini Argyro"]
[Result "0-1"]
[WhiteElo "1370"]
[BlackElo "1466"]
[PlyCount "112"]
[EventDate "2021.08.23"]
[EventType "swiss"]
[EventRounds "9"]
[EventCountry "GRE"]
[SourceTitle "EXT 2022"]
[Source "ChessBase"]
[SourceDate "2021.10.06"]
[SourceVersion "1"]
[SourceVersionDate "2021.10.06"]
[SourceQuality "1"]

1. d4 d5 2. c4 e6 3. Nf3 c6 4. Nc3 Nf6 5. Bf4 Nbd7 6. e3 dxc4 7. Bxc4 Nd5 8. Bg3 N7b6 9. Nxd5 exd5 10. Bd3 Bb4+ 11. Nd2 Be6 12. 0-0 0-0 13. a3 Bd6 14. Bxd6 Qxd6 15. Qc2 g6 16. Nb3 Nd7 17. Na5 Rab8 18. Rac1 Rfc8 19. b4 Nb6 20. Qc5 Qd7 21. b5 cxb5 22. Qxb5 Qxb5 23. Bxb5 Nc4 24. Nxb7 Rxb7 25. Ba6 Rcb8 26. Bxb7 Rxb7 27. Rc3 Rb2 28. Ra1 a5 29. a4 Kf8 30. f3 Re2 31. Rb3 Rxe3 32. Rxe3 Nxe3 33. Rb1 Ke7 34. Kf2 Nc4 35. Ke2 Bd7 36. Rb7 Ke6 37. Kd3 Bxa4 38. Kc3 Nd6 39. Rb6 Bb5 40. g4 Be2 41. h3 Bxf3 42. Ra6 h5 43. g5 Bg2 44. h4 Ke7 45. Ra7+ Kf8 46. Rxa5 Nf5 47. Ra8+ Kg7 48. Ra2 Nxh4 49. Kd3 Be4+ 50. Ke2 Nf3 51. Ke3 Nxg5 52. Kf4 Ne6+ 53. Ke5 g5 54. Rf2 g4 55. Rh2 g3 56. Rb2 g2 0-1

[Event "EU-ch Amateur Online 1700/2000"]
[Site "Tornelo INT"]
[Date "2021.04.24"]
[Round "1"]
[White "Drino, Faris"]
[Black "Gkoutzouki, Aikaterini Argyro"]
[Result "1-0"]
[WhiteElo "1828"]
[BlackElo "1386"]
[PlyCount "61"]
[EventDate "2021.04.24"]
[EventType "swiss (rapid)"]
[EventRounds "8"]
[EventCountry "NET"]
[SourceTitle "EXT 2023"]
[Source "ChessBase"]
[SourceDate "2022.10.05"]
[SourceVersion "1"]
[SourceVersionDate "2022.10.05"]
[SourceQuality "1"]

1. e4 c5 2. Nf3 Nc6 3. Bb5 g6 4. 0-0 Bg7 5. Re1 e5 6. Bxc6 dxc6 7. d3 Qd6 8. a4 Nf6 9. a5 Nd7 10. Nbd2 Nf8 11. Nc4 Qc7 12. b3 Ne6 13. Bb2 Nd4 14. Nxd4 cxd4 15. Ba3 Bf8 16. Bxf8 Rxf8 17. f4 f6 18. c3 Be6 19. cxd4 Bxc4 20. dxc4 exd4 21. Qxd4 Qxf4 22. Rad1 Qc7 23. e5 f5 24. e6 Qe7 25. Qe5 Qf6 26. Qc7 Qe7 27. Rd7 Qc5+ 28. Kh1 Rf6 29. Rxh7 Qb4 30. Rh8+ Rf8 31. Qd7# 1-0